[Event "Titled Tue 10th Jun Late"]
[Site "chess.com INT"]
[Date "2025.06.10"]
[Round "1"]
[White "Andrews, Todd"]
[Black "Durarbayli, Vasif"]
[Result "0-1"]
[WhiteTitle "FM"]
[BlackTitle "GM"]
[WhiteElo "2097"]
[BlackElo "2612"]
[WhiteFideId "2012456"]
[BlackFideId "13402935"]
[EventDate "2025.06.10"]

1. e4 c5 2. Nf3 d6 3. d4 cxd4 4. Nxd4 Nf6 5. Nc3 Nc6 6. Bc4 e6 7. Bb3 a6 8. Be3
Qc7 9. Qe2 Na5 10. g4 b5 11. g5 Nd7 12. O-O-O Nxb3+ 13. axb3 Bb7 14. f3 Be7 15.
h4 Rc8 16. h5 Qa5 17. Kb1 b4 18. Na4 Bxg5 19. Rhg1 h6 20. f4 Bf6 21. Qd3 Qxh5
22. e5 Nxe5 23. fxe5 Qxe5 24. Rde1 Qe4 25. Qd2 e5 26. Bf2 Qh7 27. Qxb4 Be4 28.
Nc3 Rxc3 29. Qxc3 O-O 30. Nf3 Qf5 31. Nd2 Rc8 32. Qxc8+ Qxc8 33. Nxe4 Be7 34. c4
a5 35. Nc3 Qf5+ 36. Ka2 Qxf2 37. Nd5 Bd8 38. Ref1 Qc5 39. Rg2 a4 40. Rfg1 axb3+
41. Kxb3 Bg5 42. Rg4 f5 43. R4g2 e4 44. Kc3 Qa5+ 45. b4 Qa3+ 46. Kd4 Qd3# 0-1

[Event "Titled Tue 10th Jun Late"]
[Site "chess.com INT"]
[Date "2025.06.10"]
[Round "1"]
[White "Radchenko, Alexey"]
[Black "Kravtsiv, Martyn"]
[Result "0-1"]
[WhiteTitle "FM"]
[BlackTitle "GM"]
[WhiteElo "2290"]
[BlackElo "2598"]
[WhiteFideId "4192362"]
[BlackFideId "14113147"]
[EventDate "2025.06.10"]

1. d4 d5 2. c4 e6 3. Nf3 Nf6 4. Nc3 Be7 5. e3 O-O 6. Bd3 b6 7. O-O Bb7 8. Re1 c5
9. b3 Nc6 10. Bb2 Rc8 11. Rc1 cxd4 12. Nxd4 Ne5 13. cxd5 Nxd3 14. Qxd3 Nxd5 15.
Nxd5 Qxd5 16. e4 Rxc1 17. Bxc1 Qd7 18. Bb2 Bc5 19. Rd1 Rd8 20. e5 Qd5 21. Qg3
Qe4 22. Qg5 Be7 23. Qg3 Bh4 24. Qf3 Qxf3 25. gxf3 Bxf3 26. Rc1 Bd5 27. Rc7 a5
28. Nb5 h6 29. Nd6 f5 30. Bd4 a4 31. Bxb6 Ra8 32. bxa4 Rxa4 33. Ne8 Rxa2 34.
Rxg7+ Kf8 35. h3 Ra1+ 36. Kh2 Rh1# 0-1

[Event "Titled Tue 10th Jun Late"]
[Site "chess.com INT"]
[Date "2025.06.10"]
[Round "1"]
[White "Movahed, Sina"]
[Black "Demchenko, Yaroslav"]
[Result "1-0"]
[WhiteTitle "GM"]
[BlackTitle "CM"]
[WhiteElo "2544"]
[BlackElo "2263"]
[WhiteFideId "42520835"]
[BlackFideId "14186667"]
[EventDate "2025.06.10"]

1. e4 e6 2. d4 d5 3. e5 c5 4. c3 Nc6 5. Nf3 Qb6 6. Be2 cxd4 7. cxd4 Nh6 8. Bxh6
Qxb2 9. Nbd2 gxh6 10. O-O Nxd4 11. Rb1 Nxe2+ 12. Qxe2 Qxa2 13. Rfc1 Qa6 14. Qe3
Bd7 15. Ra1 Qb5 16. Nd4 Qb6 17. Rab1 Bb4 18. N2f3 a5 19. Qxh6 Rc8 20. Nf5 Rxc1+
21. Rxc1 Rf8 22. Qf6 Rg8 23. Ng7+ Kf8 24. Nh5 Be7 25. Qh6+ Ke8 26. Qxh7 Rf8 27.
h4 a4 28. Nf6+ Kd8 29. Ng5 Bxf6 30. exf6 Be8 31. Qc2 Bd7 32. Qc3 1-0

[Event "Titled Tue 10th Jun Late"]
[Site "chess.com INT"]
[Date "2025.06.10"]
[Round "1"]
[White "Cornelisse, Lorelei"]
[Black "Xiong, Jeffery"]
[Result "1-0"]
[WhiteTitle "WFM"]
[BlackTitle "GM"]
[WhiteElo "2138"]
[BlackElo "2639"]
[WhiteFideId "1087177"]
[BlackFideId "2047640"]
[EventDate "2025.06.10"]

1. d4 Nf6 2. Nc3 d5 3. Bf4 a6 4. e3 h6 5. Nf3 e6 6. Bd3 c5 7. dxc5 Bxc5 8. O-O
Nc6 9. e4 Nh5 10. exd5 Nxf4 11. dxc6 Nxd3 12. cxd3 bxc6 13. Ne5 O-O 14. Ne4 Bb6
15. Rc1 Bb7 16. Nc5 Bxc5 17. Rxc5 Qd4 18. Qc1 Rfd8 19. Re1 a5 20. Rc4 Qd5 21.
Rg4 Kf8 22. Qf4 f6 23. Rg6 c5 24. Rxf6+ Kg8 25. Rg6 Rd7 26. Nxd7 Qxd7 27. Qxh6
Rf8 28. Rexe6 Qd4 29. Qe3 Qxb2 30. h3 Bd5 31. Re7 Bf7 32. Rg3 Qxa2 33. Qe5 g6
34. Rxg6+ 1-0

[Event "Titled Tue 10th Jun Late"]
[Site "chess.com INT"]
[Date "2025.06.10"]
[Round "1"]
[White "Kjaergaard-Jensen, Jesper"]
[Black "Barseghyan, Armen Ar."]
[Result "0-1"]
[WhiteTitle "CM"]
[BlackTitle "IM"]
[WhiteElo "2081"]
[BlackElo "2348"]
[WhiteFideId "1406990"]
[BlackFideId "13306707"]
[EventDate "2025.06.10"]

1. d4 Nf6 2. Nf3 e6 3. c3 c5 4. Bg5 d5 5. Nbd2 Nc6 6. e4 cxd4 7. Bb5 dxc3 8.
bxc3 Be7 9. Ne5 Bd7 10. Nxd7 Nxd7 11. exd5 exd5 12. Bxe7 Qxe7+ 13. Kf1 O-O 14.
Qa4 Nb6 15. Qg4 Qc5 16. Be2 Qxc3 17. Rd1 Rfe8 18. h4 Ne5 19. Qh5 Rad8 20. Rh3
Qc2 21. Nf3 g6 22. Qxe5 Rxe5 23. Nxe5 Qxa2 24. Rf3 Re8 25. Re3 f6 26. Ng4 Rxe3
27. Nxe3 Kg7 28. Bf3 Qb3 29. g3 a5 30. Kg2 a4 31. Nxd5 Nxd5 32. Rxd5 a3 33. Rd7+
Kh6 34. Rxb7 Qa4 35. Rb1 a2 36. Ra1 Qb3 37. Be4 Qb2 38. Rxa2 Qxa2 39. Bf3 Qc4
40. Bd1 Qd5+ 41. Bf3 Qd4 42. Be2 g5 43. hxg5+ fxg5 44. g4 Kg6 45. Bf3 h6 46. Kg3
Kf6 47. Kg2 Ke5 48. Be2 Kf4 49. Bf3 Qd3 50. Bc6 Kxg4 51. Bb7 Qh3+ 52. Kg1 Kf4
53. Bc6 Qc3 54. Ba8 h5 0-1

[Event "Titled Tue 10th Jun Late"]
[Site "chess.com INT"]
[Date "2025.06.10"]
[Round "1"]
[White "Alvarado, Carlos"]
[Black "Rajaram, Rohan"]
[Result "1-0"]
[WhiteTitle "CM"]
[BlackTitle "CM"]
[WhiteElo "2032"]
[BlackElo "2164"]
[WhiteFideId "3800555"]
[BlackFideId "30940729"]
[EventDate "2025.06.10"]

1. Nf3 Nf6 2. d4 g6 3. Bg5 Bg7 4. Nbd2 d5 5. c3 c5 6. dxc5 Nbd7 7. b4 h6 8. Bh4
O-O 9. e3 e5 10. Bb5 e4 11. Nd4 Ne5 12. O-O a6 13. Be2 Bd7 14. a4 b6 15. N2b3
bxc5 16. Nxc5 a5 17. Nb7 Qc7 18. Nxa5 Qxc3 19. Qe1 Qc7 20. Bg3 Rfe8 21. Bb5 Bxb5
22. Nxb5 Qe7 23. Bxe5 Qxe5 24. Nc6 Qe6 25. Nbd4 Qd7 26. b5 Rec8 27. Qb4 Bf8 28.
Qb3 Qd6 29. h3 Nd7 30. Rfd1 Nc5 31. Qc2 Nd3 32. Rxd3 exd3 33. Qxd3 Qc5 34. a5
Bg7 35. Rb1 Rc7 36. a6 Qb6 37. Qb3 Rac8 38. Qxd5 Kh7 39. h4 Re8 40. h5 Bf6 41.
hxg6+ fxg6 42. g3 Bg7 43. Kg2 Rce7 44. Nxe7 Rxe7 45. Qc6 Re8 46. Qxb6 1-0

[Event "Titled Tue 10th Jun Late"]
[Site "chess.com INT"]
[Date "2025.06.10"]
[Round "1"]
[White "Tang, Dylan"]
[Black "Bach, Matthias"]
[Result "1/2-1/2"]
[WhiteTitle "FM"]
[BlackTitle "FM"]
[WhiteElo "2236"]
[BlackElo "2206"]
[WhiteFideId "30972531"]
[BlackFideId "4603168"]
[EventDate "2025.06.10"]

1. e4 c5 2. Nf3 Nc6 3. Bb5 g6 4. O-O Bg7 5. c3 Nf6 6. Re1 O-O 7. d4 cxd4 8. cxd4
d5 9. e5 Ne4 10. Nc3 Nxc3 11. bxc3 Bg4 12. h3 Bxf3 13. Qxf3 Rc8 14. Ba3 Na5 15.
e6 f5 16. Bd7 Rc7 17. Rab1 Nc4 18. Bc1 Nb6 19. Bf4 Rc4 20. Bb5 Rc8 21. a4 a6 22.
a5 axb5 23. axb6 Qxb6 24. Qxd5 Rxc3 25. Rxb5 Qxd4 26. Qxd4 Bxd4 27. Rxb7 Rc2 28.
Be3 Bxe3 29. Rxe3 Re8 30. g3 Kg7 31. Kg2 Rc6 32. f4 Kf6 33. Ra7 Rxe6 34. Rxe6+
Kxe6 35. h4 Kf6 36. Kh3 h6 37. Kg2 e5 38. Ra6+ Re6 39. fxe5+ Kxe5 40. Ra5+ Kf6
41. Ra8 g5 42. hxg5+ hxg5 43. Kf3 Rb6 44. Ra5 Rb3+ 45. Kf2 g4 46. Kg2 Rb2+ 47.
Kg1 Kg5 48. Kf1 Rb1+ 49. Kg2 Rb2+ 50. Kg1 Rb3 51. Kg2 Rf3 52. Kh2 Kg6 53. Kg2
Kg5 54. Kh2 Rb3 55. Kg2 Rb2+ 56. Kg1 Rb1+ 57. Kg2 Rb2+ 1/2-1/2

[Event "Titled Tue 10th Jun Late"]
[Site "chess.com INT"]
[Date "2025.06.10"]
[Round "1"]
[White "Achuthan, Aryan"]
[Black "Yushko, Olga"]
[Result "1-0"]
[BlackTitle "WFM"]
[WhiteElo "2087"]
[BlackElo "2033"]
[WhiteFideId "30982294"]
[BlackFideId "14114500"]
[EventDate "2025.06.10"]

1. d4 Nf6 2. c4 e6 3. Nc3 d5 4. cxd5 exd5 5. Bg5 Nbd7 6. e3 c6 7. Bd3 Be7 8. Qc2
O-O 9. Nge2 Re8 10. h3 Ne4 11. Bxe7 Qxe7 12. Bxe4 dxe4 13. O-O Nf6 14. Rfd1 Bf5
15. d5 cxd5 16. Nxd5 Nxd5 17. Rxd5 Rac8 18. Nc3 Bg6 19. Rad1 h6 20. Qb3 b6 21.
Rd7 Qg5 22. Rxa7 Rc6 23. Qd5 Qxd5 24. Rxd5 Rb8 25. Rd4 Re6 26. Raa4 b5 27. Rab4
Ra6 28. a3 f5 29. Rxb5 Rxb5 30. Nxb5 Rb6 31. a4 Be8 32. Rd8 Kf7 33. Nd6+ Ke7 34.
Nc8+ Kxd8 35. Nxb6 Kc7 36. Nd5+ Kd6 37. Nc3 Kc5 38. Kf1 Kc4 39. Ke2 Kb3 40. a5
Kxb2 41. Kd2 Kb3 42. a6 Kc4 43. a7 Bc6 44. Ne2 Ba8 45. Nd4 g6 46. Ne6 g5 47. Nc7
Bb7 48. a8=Q Bxa8 49. Nxa8 f4 50. Nc7 Kc5 51. Ne6+ Kd5 52. Nxf4+ gxf4 53. exf4
Ke6 54. g4 h5 55. Ke3 1-0

[Event "Titled Tue 10th Jun Late"]
[Site "chess.com INT"]
[Date "2025.06.10"]
[Round "1"]
[White "Materia, Marco"]
[Black "Dudzinski, Pawel"]
[Result "1-0"]
[WhiteTitle "IM"]
[BlackTitle "FM"]
[WhiteElo "2489"]
[BlackElo "2191"]
[WhiteFideId "45150451"]
[BlackFideId "1117890"]
[EventDate "2025.06.10"]

1. c4 e5 2. Nc3 Nc6 3. g3 g6 4. Bg2 Bg7 5. Nf3 d6 6. O-O h6 7. e3 f5 8. d4 e4 9.
Nd2 Nf6 10. a3 O-O 11. b4 d5 12. cxd5 Nxd5 13. Bb2 Nxc3 14. Bxc3 Ne7 15. Nb3 Be6
16. f3 exf3 17. Bxf3 Bd5 18. Rc1 b6 19. Nd2 Bxf3 20. Nxf3 Nd5 21. Bd2 Kh7 22.
Qb3 Qd6 23. b5 a6 24. Rc6 Qd7 25. a4 axb5 26. axb5 Ne7 27. Rc2 Ra7 28. Qc4 Qd5
29. Bb4 Qxc4 30. Rxc4 Re8 31. Bxe7 Rxe7 32. Rc3 Ra2 33. Rb3 Re2 34. Rc1 R2xe3
35. Rxe3 Rxe3 36. Kf2 Re7 37. Rc6 g5 38. d5 Rd7 39. d6 Rxd6 40. Rxc7 Kg6 41. Rb7
g4 42. Nh4+ Kf6 43. Rxg7 Rd2+ 44. Ke3 Rxh2 45. Rg6+ Ke5 46. Rxh6 1-0

[Event "Titled Tue 10th Jun Late"]
[Site "chess.com INT"]
[Date "2025.06.10"]
[Round "1"]
[White "Tamer Waguih, Farid"]
[Black "Sjugirov, Sanan"]
[Result "0-1"]
[WhiteTitle "FM"]
[BlackTitle "GM"]
[WhiteElo "2300"]
[BlackElo "2635"]
[WhiteFideId "10685723"]
[BlackFideId "4189302"]
[EventDate "2025.06.10"]

1. d4 Nf6 2. Nf3 e6 3. e3 b6 4. Bd3 Bb7 5. b3 d5 6. Bb2 Bd6 7. Nbd2 Nbd7 8. O-O
O-O 9. Ne5 c5 10. f4 cxd4 11. exd4 Ne4 12. Nxe4 dxe4 13. Bc4 a6 14. a4 Nf6 15.
Qe2 Qc7 16. f5 Rae8 17. fxe6 fxe6 18. Rac1 Bxe5 19. dxe5 Qc5+ 20. Kh1 Nd5 21.
Bxa6 Rxf1+ 22. Rxf1 Bxa6 23. Qxa6 Qxc2 24. Ba3 e3 25. Qb5 Qg6 26. b4 h5 27. a5
bxa5 28. bxa5 Ra8 29. a6 Kh7 30. Bc5 Qe4 31. a7 e2 32. Re1 Nf4 33. Qb1 Qxb1 34.
Rxb1 Nd3 35. Bb4 Nxb4 36. Re1 Rxa7 37. Kg1 0-1

[Event "Titled Tue 10th Jun Late"]
[Site "chess.com INT"]
[Date "2025.06.10"]
[Round "1"]
[White "Rustemov, Alexander"]
[Black "Turcsanyi, Vince Gergo"]
[Result "1/2-1/2"]
[WhiteTitle "GM"]
[BlackTitle "FM"]
[WhiteElo "2525"]
[BlackElo "2312"]
[WhiteFideId "4119002"]
[BlackFideId "791784"]
[EventDate "2025.06.10"]

1. d4 Nf6 2. c4 c5 3. d5 b5 4. cxb5 a6 5. e3 axb5 6. Bxb5 Qa5+ 7. Nc3 Bb7 8. Bd2
Qb6 9. a4 Nxd5 10. Nf3 e6 11. e4 Nxc3 12. Bxc3 Be7 13. Bxg7 Rg8 14. Be5 Rxg2 15.
Bg3 Bxe4 16. Kf1 Rxg3 17. hxg3 Qb7 18. Ra3 Nc6 19. Rh5 Nd4 20. Nxd4 cxd4 21.
Qxd4 Bxa3 22. bxa3 Rc8 23. Rc5 Rxc5 24. Qxc5 Bf5 25. Ke2 Qe4+ 26. Kd2 e5 27. a5
Qb1 28. Qxe5+ Kf8 29. Qc3 Qa2+ 30. Ke3 Qe6+ 31. Kd2 Qd5+ 32. Bd3 Bxd3 33. Qxd3
Qxa5+ 34. Ke2 Qe5+ 35. Qe3 Qb2+ 36. Kf3 h5 37. Qc5+ Kg8 38. Qb4 Qf6+ 39. Kg2
Qc6+ 40. Kh2 Qf3 41. Qb2 h4 42. gxh4 Qf4+ 43. Kh3 Qf3+ 44. Kh2 Qf4+ 45. Kg1 Qg4+
46. Kf1 Qd1+ 47. Kg2 Qg4+ 48. Kf1 Qd1+ 49. Kg2 Qg4+ 50. Kh1 Qf3+ 51. Kh2 1/2-1/2

[Event "Titled Tue 10th Jun Late"]
[Site "chess.com INT"]
[Date "2025.06.10"]
[Round "1"]
[White "Leon Acevedo, Juan Alejandro"]
[Black "Bouska, Jiri"]
[Result "0-1"]
[WhiteTitle "CM"]
[BlackTitle "FM"]
[WhiteElo "2008"]
[BlackElo "2318"]
[WhiteFideId "4459261"]
[BlackFideId "23722223"]
[EventDate "2025.06.10"]

1. d4 d5 2. c4 e6 3. Nc3 Nf6 4. Bg5 Be7 5. e3 h6 6. Bh4 O-O 7. Nf3 b6 8. Bd3
dxc4 9. Bxc4 Bb7 10. O-O Nbd7 11. Qe2 c5 12. Rad1 cxd4 13. exd4 Re8 14. Rfe1 a6
15. Ne5 Nxe5 16. dxe5 Nd7 17. Bxe7 Qxe7 18. Ne4 Nxe5 19. Nd6 Nxc4 20. Nxe8 Qg5
21. g3 Qc5 22. b3 Qc6 23. f3 Rxe8 24. bxc4 Rc8 25. Qd3 Qc5+ 26. Kg2 g5 27. Re2
g4 28. Rf2 Bxf3+ 29. Rxf3 gxf3+ 30. Qxf3 Qxc4 31. Kh3 Qc5 32. Rd7 Qf8 33. Qg4+
Qg7 0-1

[Event "Titled Tue 10th Jun Late"]
[Site "chess.com INT"]
[Date "2025.06.10"]
[Round "1"]
[White "Garcia Correa, Jose Ricardo"]
[Black "Avramidou, Anastasia"]
[Result "0-1"]
[WhiteTitle "FM"]
[BlackTitle "FM"]
[WhiteElo "2103"]
[BlackElo "2294"]
[WhiteFideId "5101832"]
[BlackFideId "4239873"]
[EventDate "2025.06.10"]

1. e4 c5 2. Nf3 Nc6 3. d4 cxd4 4. Nxd4 Nf6 5. Nc3 e5 6. Ndb5 d6 7. a4 Be7 8. Be2
O-O 9. Be3 Be6 10. O-O a6 11. Na3 d5 12. exd5 Nxd5 13. Nxd5 Bxd5 14. Nc4 Nd4 15.
Nxe5 Nxe2+ 16. Qxe2 Bf6 17. f4 Qc8 18. Rfd1 Be6 19. b3 Bxe5 20. fxe5 Bg4 21. Qf2
Bxd1 22. Rxd1 Qe6 23. Qg3 Rfd8 24. Rd6 Rxd6 25. exd6 Rd8 26. Bc5 h6 27. c4 Re8
28. Bf2 Qe2 29. h3 Re6 30. c5 Qd1+ 31. Kh2 Qd5 32. Qc3 Re2 33. Kg1 Qd1+ 34. Kh2
Rxf2 35. Qe5 Qd2 36. Qe8+ Kh7 37. Qe4+ g6 38. b4 Qc2 39. d7 Qxe4 40. d8=Q Qxg2# 0-1

[Event "Titled Tue 10th Jun Late"]
[Site "chess.com INT"]
[Date "2025.06.10"]
[Round "1"]
[White "Ambartsumova, Karina"]
[Black "Wang, Michael"]
[Result "0-1"]
[WhiteTitle "IM"]
[WhiteElo "2403"]
[BlackElo "1868"]
[WhiteFideId "4166299"]
[BlackFideId "30920531"]
[EventDate "2025.06.10"]

1. Nf3 Nf6 2. c4 e6 3. Nc3 d5 4. e3 b6 5. b3 Bb7 6. Bb2 Be7 7. Qc2 c5 8. cxd5
Nxd5 9. a3 Bf6 10. Bb5+ Nd7 11. O-O-O a6 12. Be2 O-O 13. h4 Qc8 14. Ng5 g6 15.
Nce4 Bxb2+ 16. Qxb2 Qc6 17. h5 e5 18. hxg6 hxg6 19. Nh7 Rfc8 20. Bc4 Kg7 21.
Nhg5 Rh8 22. f4 f6 23. Nf3 b5 24. Bxd5 Qxd5 25. Nxf6 Kxf6 26. fxe5+ Ke6 27. Ng5+
Ke7 28. e6 Ne5 29. d4 cxd4 30. Rhf1 d3 31. Kb1 Raf8 32. Nf7 Nxf7 33. exf7 Rh5
34. Qf6+ Kd7 35. Rf4 Qxb3+ 36. Qb2 Qxd1+ 37. Ka2 Bd5+ 0-1

[Event "Titled Tue 10th Jun Late"]
[Site "chess.com INT"]
[Date "2025.06.10"]
[Round "1"]
[White "Le, Tuan Minh"]
[Black "Grzesik, Gracjan"]
[Result "1-0"]
[WhiteTitle "GM"]
[BlackTitle "CM"]
[WhiteElo "2598"]
[BlackElo "2175"]
[WhiteFideId "12401153"]
[BlackFideId "1194593"]
[EventDate "2025.06.10"]

1. d4 Nf6 2. Nf3 e6 3. Bf4 b6 4. e3 Bb7 5. Bd3 d5 6. Nbd2 Bd6 7. Ne5 Nbd7 8. Qf3
Qe7 9. O-O c5 10. c3 O-O 11. Rfd1 a6 12. a4 Ne8 13. Qh3 f5 14. Ndf3 Nef6 15. Qh4
Rae8 16. Nxd7 Qxd7 17. h3 Qc7 18. b4 c4 19. Bc2 h6 20. Bxd6 Qxd6 21. Ne5 Nd7 22.
f4 Nxe5 23. dxe5 Qe7 24. Qf2 Kh8 25. g4 g5 26. gxf5 exf5 27. Kh2 Rg8 28. Rg1 Qf7
29. Rg3 Qh5 30. Rag1 g4 31. Bd1 Rg7 32. Qd2 Reg8 33. Qd4 Kh7 34. e6 Qh4 35. Qe5
Qh5 36. Bc2 Rf8 37. e7 Re8 38. Bxf5+ Kh8 39. Rxg4 Rxe7 40. Rxg7 Rxg7 41. Qxg7# 1-0

[Event "Titled Tue 10th Jun Late"]
[Site "chess.com INT"]
[Date "2025.06.10"]
[Round "1"]
[White "Shehzad, Shazil"]
[Black "Estrada Nieto, Julian"]
[Result "1-0"]
[WhiteTitle "FM"]
[BlackTitle "IM"]
[WhiteElo "2354"]
[BlackElo "2181"]
[WhiteFideId "1521942"]
[BlackFideId "5101018"]
[EventDate "2025.06.10"]

1. e4 e5 2. Nf3 Nc6 3. Bb5 a6 4. Ba4 Nf6 5. O-O Be7 6. d3 b5 7. Bb3 d6 8. a3 Na5
9. Ba2 c5 10. Nc3 Be6 11. Bg5 Bxa2 12. Rxa2 Nc6 13. Nh4 Nd4 14. Nf5 Nxf5 15.
exf5 O-O 16. Bxf6 Bxf6 17. Nd5 Bg5 18. Qg4 Kh8 19. Raa1 Bh6 20. Rae1 Rc8 21. c3
Qg5 22. Qxg5 Bxg5 23. Re4 g6 24. f6 c4 25. h4 Bh6 26. d4 exd4 27. Rxd4 Rfe8 28.
Ne7 Rcd8 29. Rfd1 Bf8 30. Nd5 Re6 31. g3 h5 32. Kg2 Re2 33. R1d2 Rxd2 34. Rxd2
a5 35. Re2 Kg8 36. f4 Rc8 37. Kf3 Rb8 38. Re1 Rc8 39. Re4 Rb8 40. Ke3 Rc8 41.
Kd4 Rd8 42. Re7 Rc8 43. Rb7 1-0

[Event "Titled Tue 10th Jun Late"]
[Site "chess.com INT"]
[Date "2025.06.10"]
[Round "1"]
[White "Guha, Eshan"]
[Black "Atanasov, Anthony"]
[Result "0-1"]
[BlackTitle "IM"]
[WhiteElo "2071"]
[BlackElo "2417"]
[WhiteFideId "30958628"]
[BlackFideId "2623897"]
[EventDate "2025.06.10"]

1. d4 Nf6 2. c4 c6 3. Nc3 d5 4. cxd5 cxd5 5. Bf4 Nc6 6. e3 Bf5 7. Qb3 Na5 8.
Qa4+ Bd7 9. Qc2 e6 10. Bd3 Be7 11. h3 O-O 12. Nf3 Rc8 13. O-O b5 14. a3 Nc4 15.
Ne5 Be8 16. g4 Kh8 17. Rfc1 a5 18. Qe2 Qb6 19. a4 b4 20. Nb5 Bxb5 21. axb5 Nxe5
22. Bxe5 Ne4 23. f3 Nd6 24. b3 f6 25. Bg3 g6 26. Rc2 Rxc2 27. Qxc2 Rc8 28. Qd2
Nxb5 29. h4 Nxd4 30. Qf2 Nxb3 31. Rd1 Rc1 32. Rxc1 Nxc1 33. Bc2 b3 34. Bb1 Bc5
35. Bf4 e5 36. Bh6 a4 37. h5 g5 38. Qb2 Bxe3+ 39. Kg2 Qb4 0-1

[Event "Titled Tue 10th Jun Late"]
[Site "chess.com INT"]
[Date "2025.06.10"]
[Round "1"]
[White "Tristan, Leonardo"]
[Black "Ivanov, Andrey A."]
[Result "1-0"]
[WhiteTitle "GM"]
[BlackTitle "CM"]
[WhiteElo "2536"]
[BlackElo "2120"]
[WhiteFideId "113816"]
[BlackFideId "2514311"]
[EventDate "2025.06.10"]

1. d4 Nf6 2. Nf3 e6 3. Bf4 c5 4. e3 cxd4 5. exd4 d5 6. c3 Nc6 7. Nbd2 Bd6 8.
Bxd6 Qxd6 9. Bd3 O-O 10. O-O a6 11. Re1 b5 12. a3 Bb7 13. Ne5 Rac8 14. Qf3 h6
15. Qg3 Qc7 16. f4 Ne7 17. Qh3 Rb8 18. g4 Ne4 19. Nxe4 dxe4 20. Bxe4 Bxe4 21.
Rxe4 f6 22. Nd3 Nd5 23. Rxe6 Nxf4 24. Nxf4 Qxf4 25. Rf1 Qd2 26. Qg2 Qd3 27. Qe2
Qg6 28. Rxa6 Rfe8 29. Re6 Rxe6 30. Qxe6+ Kh8 31. Qf5 Qf7 32. Re1 Rd8 33. Qxb5
Qc7 34. Re8+ Rxe8 35. Qxe8+ Kh7 36. Qe4+ Kh8 37. Kg2 Qc4 38. h3 Qb5 39. Qc2 Qd5+
40. Kf2 Qd6 41. Kf3 Qd5+ 42. Ke3 Qh1 43. Qe4 Qe1+ 44. Kf3 Qh1+ 45. Kf4 Qf1+ 46.
Kg3 Qg1+ 47. Kh4 Qf2+ 48. Kh5 Qg3 49. Kg6 Qb8 50. Kf7 Qg8+ 51. Ke7 Qb8 52. d5
Qc7+ 53. Kf8 Qb8+ 54. Qe8 Qa7 55. d6 g5 56. d7 Qb7 57. Kf7+ Kh7 58. Qg8# 1-0

[Event "Titled Tue 10th Jun Late"]
[Site "chess.com INT"]
[Date "2025.06.10"]
[Round "1"]
[White "Chen, Yidong"]
[Black "Lesovoi, Evgenij"]
[Result "0-1"]
[BlackTitle "FM"]
[WhiteElo "2074"]
[BlackElo "2234"]
[WhiteFideId "8607028"]
[BlackFideId "24164135"]
[EventDate "2025.06.10"]

1. e4 e5 2. Nf3 Nc6 3. Bb5 a6 4. Ba4 Nf6 5. O-O b5 6. Bb3 Bc5 7. c3 d6 8. a4 Rb8
9. d4 Bb6 10. h3 O-O 11. Re1 h6 12. axb5 axb5 13. Na3 Re8 14. Nxb5 exd4 15. cxd4
Bd7 16. Nc3 Ra8 17. Rxa8 Qxa8 18. e5 Nh7 19. Nd5 Ba5 20. Bd2 Rb8 21. exd6 cxd6
22. Bc3 Bxc3 23. bxc3 Na5 24. Ne7+ Kf8 25. Bc2 Nf6 26. Nf5 Qc6 27. Qd2 Rb2 28.
Ng3 Be6 29. Qd3 Bd5 30. Ra1 Nc4 31. Bd1 Qb7 32. Nf1 Ne4 33. Be2 Nxc3 34. Qxc3
Rxe2 35. Ne3 Nxe3 36. fxe3 Bxf3 37. gxf3 Kg8 38. e4 Qe7 0-1

[Event "Titled Tue 10th Jun Late"]
[Site "chess.com INT"]
[Date "2025.06.10"]
[Round "1"]
[White "Donoso Aguirre, Maximiliano"]
[Black "Lin, Bryan Enming"]
[Result "0-1"]
[WhiteTitle "CM"]
[BlackTitle "FM"]
[WhiteElo "2050"]
[BlackElo "2343"]
[WhiteFideId "3458920"]
[BlackFideId "30987121"]
[EventDate "2025.06.10"]

1. e4 e5 2. Nf3 Nc6 3. Bc4 Nf6 4. d3 Bc5 5. Nc3 a6 6. O-O d6 7. a4 h6 8. Be3 O-O
9. h3 Re8 10. Bxc5 dxc5 11. Nd5 Be6 12. Ne3 Bxc4 13. Nxc4 Nh7 14. Nfd2 Ng5 15.
Ne3 Ne6 16. Qg4 Qg5 17. Qxg5 hxg5 18. Nd5 Ncd4 19. c3 Ne2+ 20. Kh2 N2f4 21. Nxf4
Nxf4 22. Nf3 Nxd3 23. Nxg5 f6 24. Nf3 b5 25. b3 Red8 26. Kg3 Nf4 27. Ra2 bxa4
28. Rxa4 Rdb8 29. Nd2 Rd8 30. Nf3 Rab8 31. Rxa6 Rxb3 32. Rc6 Rxc3 33. Rxc7 Ne6
34. Rc6 Ng5 35. Kg4 Nxe4 36. Kf5 Nd6+ 37. Kg6 Nf7 38. Rc7 Nh8+ 39. Kf5 Rc2 40.
Rb1 Rxf2 41. Rbb7 Rxg2 42. Nh4 Rg5+ 43. Ke4 Rd4+ 44. Ke3 Rxh4 0-1

[Event "Titled Tue 10th Jun Late"]
[Site "chess.com INT"]
[Date "2025.06.10"]
[Round "1"]
[White "Skramstad, Oda Kofoed"]
[Black "Sakmak, Kutay"]
[Result "1/2-1/2"]
[WhiteTitle "WCM"]
[BlackTitle "CM"]
[WhiteElo "1898"]
[BlackElo "2158"]
[WhiteFideId "1564862"]
[BlackFideId "44581939"]
[EventDate "2025.06.10"]

1. d4 Nf6 2. c4 e6 3. Nc3 Bb4 4. Qc2 c5 5. dxc5 Bxc5 6. Nf3 O-O 7. Bg5 h6 8. Bh4
Nc6 9. a3 a5 10. Rd1 Be7 11. e4 Ng4 12. Bg3 Bf6 13. Be2 Nge5 14. O-O b6 15. Nb5
Ba6 16. Nd6 Nxf3+ 17. Bxf3 Nd4 18. Rxd4 Bxd4 19. e5 Rb8 20. b4 Qg5 21. Qe4 Bb2
22. Bf4 Qg6 23. Qe3 axb4 24. axb4 Qc2 25. Be4 Qc3 26. Qe2 Qxb4 27. Rb1 Qc5 28.
Rxb2 b5 29. cxb5 Bc8 30. Rc2 Qb4 31. Bd3 Bb7 32. f3 Qxf4 33. Rc3 Qd4+ 34. Kf1
Qxc3 35. Nxb7 Rxb7 36. Qe4 Qc1+ 37. Kf2 Qb2+ 38. Kg3 Rfb8 39. Qh7+ Kf8 40. Qh8+
Ke7 41. Qxg7 Kd8 42. Qf8+ Kc7 43. Qd6+ Kc8 44. Qf8+ Kc7 45. Qd6+ Kd8 46. Qf8+
Kc7 1/2-1/2

[Event "Titled Tue 10th Jun Late"]
[Site "chess.com INT"]
[Date "2025.06.10"]
[Round "1"]
[White "Bulgak, Damir"]
[Black "Vakhidov, Jakhongir"]
[Result "0-1"]
[BlackTitle "GM"]
[WhiteElo "2213"]
[BlackElo "2539"]
[WhiteFideId "13528882"]
[BlackFideId "14201801"]
[EventDate "2025.06.10"]

1. d4 Nf6 2. c4 c5 3. d5 e5 4. Nc3 d6 5. e4 Nbd7 6. Nf3 Be7 7. Be2 a6 8. O-O O-O
9. Ne1 Ne8 10. Nd3 g6 11. f4 f5 12. fxe5 dxe5 13. Be3 b6 14. Bf3 f4 15. Bf2 Nd6
16. Qe2 h5 17. a3 Nxc4 18. Nxc5 Nxc5 19. Qxc4 b5 20. Qe2 Nb3 21. Rad1 Bd6 22.
Kh1 Bd7 23. Qc2 Na5 24. b4 Nc4 25. Qb3 Qe8 26. Na4 bxa4 27. Qxc4 Bb5 28. Qc2 Rc8
29. Qd2 Bxf1 30. Rxf1 a5 31. bxa5 Bxa3 32. a6 Qb5 33. Be2 Qb2 34. Qd1 Rc2 35. d6
Rxe2 36. d7 Rxf2 37. Rxf2 Qxf2 38. d8=Q Rxd8 39. Qxd8+ Kg7 40. Qd7+ Kh6 41. Qd1
Bc5 42. h3 a3 43. Kh2 f3 0-1